NPB 日本プロ野球現役選手通算本塁打TOP100 - Statistics

General Stats
  • This quiz has been taken 291 times
  • The average score is 62 of 103
Answer Stats
球団 本数 Answer % Correct
西武 481本 中村剛也
98%
読売 298本 坂本勇人
98%
ヤクルト 311本 山田哲人
96%
ソフトバンク 268本 柳田悠岐
96%
楽天 306本 浅村栄斗
95%
ソフトバンク 275本 山川穂高
95%
読売 248本 岡本和真
95%
ヤクルト 246本 村上宗隆
95%
ロッテ 43本 岡大海
95%
中日 309本 中田翔
94%
読売 289本 丸佳浩
93%
DeNA 114本 牧秀悟
93%
DeNA 232本 筒香嘉智
92%
ロッテ 195本 ソト
90%
阪神 150本 大山悠輔
90%
阪神 124本 佐藤輝明
90%
オリックス 130本 森友哉
87%
DeNA 158本 宮崎敏郎
86%
ソフトバンク 107本 近藤健介
84%
広島 135本 菊池涼介
81%
オリックス 99本 杉本裕太郎
81%
日本ハム 82本 万波中正
80%
広島 130本 秋山翔吾
79%
西武 128本 栗山巧
79%
DeNA 105本 佐野恵太
79%
日本ハム 76本 清宮幸太郎
78%
中日 73本 細川成也
78%
ヤクルト 72本 サンタナ
78%
西武 106本 外崎修汰
77%
ヤクルト 87本 オスナ
77%
阪神 48本 近本光司
77%
読売 163本 長野久義
73%
ソフトバンク 100本 今宮健太
73%
DeNA 85本 オースティン
73%
ロッテ 78本 ポランコ
73%
読売 65本 大城卓三
72%
阪神 49本 森下翔太
72%
読売 66本 甲斐拓也
71%
DeNA 141本 ビシエド
70%
広島 61本 坂倉将吾
69%
日本ハム 57本 レイエス
69%
ソフトバンク 82本 栗原陵矢
68%
オリックス 76本 西川龍馬
67%
DeNA 74本 桑原将志
67%
オリックス 31本 宗佑磨
67%
ヤクルト 63本 西川遥輝
66%
楽天 84本 鈴木大地
63%
広島 83本 松山竜平
61%
阪神 45本 梅野隆太郎
61%
楽天 56本 辰己涼介
60%
ヤクルト 50本 塩見泰隆
60%
ロッテ 90本 中村奨吾
58%
中日 76本 上林誠知
58%
広島 27本 小園海斗
57%
ソフトバンク 69本 中村晃
56%
ヤクルト 41本 中村悠平
56%
楽天 104本 島内宏明
55%
オリックス 57本 頓宮裕真
55%
読売 39本 吉川尚輝
55%
ロッテ 70本 角中勝也
54%
中日 34本 大島洋平
54%
オリックス 25本 太田椋
54%
広島 72本 會澤翼
52%
広島 69本 田中広輔
52%
広島 67本 堂林翔太
52%
オリックス 35本 紅林弘太郎
52%
ロッテ 33本 安田尚憲
51%
ソフトバンク 26本 牧原大成
51%
ヤクルト 80本 茂木栄五郎
49%
オリックス 30本 若月健矢
49%
ロッテ 49本 荻野貴司
48%
オリックス 40本 中川圭太
46%
日本ハム 25本 郡司裕也
46%
ロッテ 48本 山口航輝
45%
中日 23本 石川昂弥
45%
西武 21本 ネビン
45%
楽天 51本 阿部寿樹
44%
広島 33本 末包昇大
44%
中日 37本 木下拓哉
43%
ロッテ 24本 藤岡裕大
43%
DeNA 30本 伊藤光
42%
中日 57本 高橋周平
40%
ヤクルト 40本 川端慎吾
39%
ソフトバンク 25本 野村勇
39%
読売 21本 リチャード
39%
日本ハム 21本 水谷瞬
39%
西武 47本 炭谷銀仁郎
37%
日本ハム 21本 伏見寅威
37%
日本ハム 41本 マルティネス
36%
DeNA 32本 戸柱恭孝
36%
ロッテ 29本 佐藤都志也
36%
DeNA 25本 京田陽太
35%
阪神 29本 原口文仁
32%
日本ハム 28本 石井一成
28%
楽天 41本 岡島豪郎
27%
日本ハム 39本 野村佑希
27%
楽天 27本 フランコ
27%
阪神 32本 渡邉諒
25%
西武 31本 セデーニョ
22%
オリックス 35本 廣岡大志
20%
ソフトバンク 27本 嶺井博希
20%
楽天 31本 田中和基
19%
ロッテ 21本 愛斗
13%
No matching quizzes found
Score Distribution
Percent of People with Each Score
Percentile by Number Answered
Your Score History
You have not taken this quiz